Rehabilitation counseling : foundation, consumers, service delivery /

Bibliographic Details
Other Authors: Parker, Randall M., 1940-, Hansen, Carl E.
Format: Book
Language:English
Published: Boston : Allyn and Bacon, [1981]
Subjects:

MARC

Tag First Indicator Second Indicator Subfields
LEADER 00000pam a2200000 a 4500
001 in00000074022
005 20151008060137.0
008 800415s1981 mau b 00100 engm
010 |a  80014979  
020 |a 0205070949 :  |c $15.95 (est.) 
035 |a (OCoLC)06277855 
035 |9 AAJ5181AM 
040 |a DLC  |c DLC  |d TXA  |d UtOrBLW 
049 |a TXAM  |c [387873] 
050 0 0 |a HV1568  |b .R434 
060 0 |a HD7255.5 R3445 
082 0 |a 362.4/0486 
245 0 0 |a Rehabilitation counseling :  |b foundation, consumers, service delivery /  |c [edited by] Randall M. Parker, Carl E. Hansen. 
264 1 |a Boston :  |b Allyn and Bacon,  |c [1981] 
264 4 |c ©1981 
300 |a viii, 364 pages ;  |c 25 cm. 
336 |a text  |b txt  |2 rdacontent 
337 |a unmediated  |b n  |2 rdamedia 
338 |a volume  |b nc  |2 rdacarrier 
504 |a Includes bibliographies and index. 
650 0 |a Rehabilitation. 
650 0 |a Rehabilitation counseling. 
650 2 |a Counseling. 
650 2 |a Disabled Persons. 
650 2 |a Rehabilitation. 
700 1 |a Parker, Randall M.,  |d 1940- 
700 1 |a Hansen, Carl E. 
999 |a MARS 
999 f f |s fac36072-63c7-3c92-8832-8b06fbdadc1f  |i 97837eb6-ae5f-3ff7-84ae-cfffa8886ec2  |t 0 
952 f f |p ric  |a Texas A&M University  |b Rellis Campus  |c Joint Library Facility  |d Remote Storage  |t 0  |e HV1568 .R434  |h Library of Congress classification  |i unmediated -- volume  |m A14806146071 
998 f f |a HV1568 .R434  |t 0  |l Remote Storage